Vista normal
Vista MARC
Entrada Personal Name
Número de registros utilizados en: 2
001 - CONTROL NUMBER
- control field: 6692
003 - CONTROL NUMBER IDENTIFIER
- control field: OSt
005 - DATE AND TIME OF LATEST TRANSACTION
- control field: 20210528100419.0
008 - FIXED-LENGTH DATA ELEMENTS
- fixed length control field: 140807n| azannaabn |a aaa
010 ## - LIBRARY OF CONGRESS CONTROL NUMBER
- LC control number: 2014186904
035 ## - SYSTEM CONTROL NUMBER
- System control number: (DNLM)1093368
040 ## - CATALOGING SOURCE
- Original cataloging agency: DNLM
- Language of cataloging: spa
- Description conventions: rda
- Transcribing agency: Mx-PuUPA
- Modifying agency: Mx-PuUPA
100 1# - HEADING--PERSONAL NAME
- Personal name: Gutiérrez Herrera, José Luis,
370 ## - ASSOCIATED PLACE
- Place of birth: Puebla
- Associated country: México
372 ## - FIELD OF ACTIVITY
- Field of activity: Medicina
374 ## - OCCUPATION
- Occupation: Autor
- Occupation: Médico
375 ## - GENDER
- Gender: hombre
377 ## - ASSOCIATED LANGUAGE
- Language code: spa
- Source of code: MARC code list for languages
400 1# - SEE FROM TRACING--PERSONAL NAME
- Personal name: Herrera, José Luis Gutiérrez
670 ## - SOURCE DATA FOUND
- Source citation: El arte y la medicina clínica a través de la pintura y la escultura, 2013:
- Information found: t.p. (José Luis Gutiérrez Herrera)
670 ## - SOURCE DATA FOUND
- Source citation: Biblioteca del congreso (Estados Unidos), 27 de febrero de 2018:
- Information found: catálogo electrónico
- Uniform Resource Identifier: https://goo.gl/Vpzph3